000 00693cam a22002531 4500
001 sa 67007848
003 DLC
005 20260227112418.0
008 791105s1966 xx 000 0 eng
010 _asa 67007848
035 _a(OCoLC)5652063
040 _aDLC
_cFTaSU
_dDLC
042 _apremarc
050 0 0 _aBF697
_b.R68
082 _a155.2
100 1 _aRoy, Kamala.
245 1 4 _aThe concept of self.
250 _a[1st ed.]
260 _aCalcutta,
_bFirma K. L. Mukhopadhyay,
_c1966.
300 _axiii, 305 p.
_c23 cm.
500 _a"Revised version of a doctoral thesis submitted ... to the Calcutta University."
504 _aIncludes bibliographies.
650 0 _aSelf.
999 _c76819
_d76819